00411nam a2200157Ia 45000010006000000050017000060080041000230410008000640820020000721000033000922450075001252600009002003000028002096500008002376540008002451446220260306164916.0260306t2012||||xx |||||||||||||| ||spa|| aESP a515.1bE88 T. 4 aEspinoza Ramos, EduardoeAUT 0aAnálisis matemático:bpara estudiantes de ciencias e ingenierías c2012 a881 páginas :c21 cm. aGEN aCMA